| 000 | 00506nam a2200181 4500 | ||
|---|---|---|---|
| 003 | SEACOMMC | ||
| 005 | 20250502134850.0 | ||
| 008 | 250213b |||||||| |||| 00| 0 eng d | ||
| 020 |
_a978-81-8404-368-6 _cRs.500.00 |
||
| 040 | _aSEACOMMC | ||
| 082 |
_a005.133 SQL _bB 422 |
||
| 100 | _a Beighley,Lynn | ||
| 245 | 1 |
_aHead First SQL : A Brain Friendly Guide / _c Lynn Beighley |
|
| 250 | _a2nd reprint ed. | ||
| 260 |
_a Mumbai _b Shroff publishers _c 2007 |
||
| 650 | _a Computer Science | ||
| 942 | _cBOOK | ||
| 999 |
_c1082 _d1082 |
||